书目信息 |
| 题名: |
网络分析与综合基础
|
|
| 作者: | 贝卡利 著 ;陈大〓 译 | |
| 分册: | ||
| 出版信息: | 北京 人民教育出版社 1979 |
|
| 页数: | 580页 | |
| 开本: | 20cm | |
| 丛书名: | ||
| 单 册: | ||
| 中图分类: | TN711.1 | |
| 科图分类: | ||
| 主题词: | 网络分析--高等学校--教学参考资料 , 网络综合--高等学校--教学参考资料 | |
| 电子资源: | ||
| ISBN: | ||
| 000 | 00748nam0 2200253 45 | |
| 001 | 0179006103 | |
| 005 | 20060814094502.25 | |
| 010 | @dCNY1.80 | |
| 091 | @aCN@b15012.0191 | |
| 100 | @a19950731d1979 em y0chiy0121 ea | |
| 101 | 1 | @achi@ceng |
| 102 | @aCN@b110000 | |
| 105 | @ay z 000yy | |
| 200 | 10 | @a网络分析与综合基础@Awang luo fen xi yu zong he ji chu@f(美)贝卡利著@g陈大〓等译 |
| 210 | @a北京@c人民教育出版社@d1979 | |
| 215 | @a580页@d20cm | |
| 300 | @a高等学校教学参考书 | |
| 606 | @a网络分析@x高等学校@x教学参考资料 | |
| 606 | @a网络综合@x高等学校@x教学参考资料 | |
| 690 | @aTN711.1@v3 | |
| 701 | 0 | @a贝卡利@Abei ka li@4著 |
| 702 | 0 | @a陈大〓@Achen da bang@4译 |
| 801 | 0 | @aCN@bTSSF@c20060814 |
| 905 | @a10447@dTN711.1@e193 | |
| 网络分析与综合基础/(美)贝卡利著/陈大〓等译.-北京:人民教育出版社,1979 |
| 580页;20cm |
| 高等学校教学参考书 |
| ISBN :CNY1.80 |
| ● |
| 相关链接 |
|
|
|
|
正题名:网络分析与综合基础
索取号:TN711.1/193
 
预约/预借
| 序号 | 登录号 | 条形码 | 馆藏地/架位号 | 状态 | 备注 |
| 1 | 0437959 | 204379591 | 密集书库/ [索取号:TN711.1/193] | 在馆 | |
| 2 | 0458034 | 204580346 | 密集书库/ [索取号:TN711.1/193] | 在馆 |